JULBEMD Dates II Quiz Stats

 Plays Quiz Updated May 27, 2012

Also try: JULBEMD Dates
Challenge
Share
Tweet
Embed
Score 0/36 Timer 07:00
0 Plays Today
Hint Answer % Correct
1of
98.4%
3of
98.4%
1Fall
98.1%
8Anne
75.1%
1Saigon
72.3%
6Egypt
71.5%
7Holy Roman Emperor
68.4%
8beheaded
66.8%
3Battle
64.5%
9Darwin
60.4%
8Boleyn
57.9%
7crowned
55.8%
9Galapagos
54.6%
11975
51.8%
4assassinates
49.5%
3Gettysburg
47.6%
6invades
46.4%
7Charlemagne
45%
Hint Answer % Correct
4Ferdinand
38.3%
31863
38.1%
6Napoleon
36.8%
9reaches
35.9%
41914
34.4%
2shuttle
27.1%
5Amelia
26.9%
5Earhart
26.2%
5disappears
26.1%
2Challenger
23.8%
21986
22.8%
51937
21.6%
61798
20.4%
4Princip
19.7%
2disaster
19.6%
91835
18.4%
81536
17.3%
7800
12.3%

You're not logged in!

Compare scores with friends on all Sporcle quizzes.
Join for Free
OR
Log In

You Might Also Like...

Show Comments

Extras

Top Quizzes Today


Score Distribution

Your Account Isn't Verified!

In order to create a playlist on Sporcle, you need to verify the email address you used during registration. Go to your Sporcle Settings to finish the process.

Report this User

Report this user for behavior that violates our Community Guidelines.

Details: